Abkürzungen - Statistiken

Allgemein
  • Dieses Quiz wurde 202 mal gespielt
  • Das Durchschnittsergebnis liegt bei 5 aus 15
Antwortstatistiken
Abkürzung Antwort % Korrekt
BIP Bruttoinlandsprodukt
80%
GmbH Gesellschaft mit beschränkter Haftung
79%
DAX Deutscher Aktienindex
65%
FAQ Frequently Asked Question
55%
RKI Robert Koch-Institut
39%
ADAC Allgemeiner Deutscher Automobil-Club
35%
IHK Industrie- und Handelskammer
30%
TÜV Technischer Überwachungsverein
26%
StVO Straßenverkehrsordnung
25%
NATO North Atlantic Treaty Organization
21%
DNA Desoxyribonukleinsäure
19%
EDV Elektronische Datenverarbeitung
12%
BAföG Bundesausbildungsförderungsgesetz
11%
Co. KG Compagnie Kommanditgesellschaft
5%
NASA National Aeronautics and Space Administration
1%
Keine übereinstimmenden Quizze gefunden
Verteilung der Resultate
Anzahl Personen mit jedem Resultat
Perzentil nach korrekt beantworteten Fragen
Ihre Resultats-Entwicklung
Sie haben dieses Quiz noch nicht gespielt